Normal view
MARC view
- NON-GOVERNMENTAL ORGANISATIONS - ZAMBIA
Entry Topical Term
001 - CONTROL NUMBER
- control field: 1769
003 - CONTROL NUMBER IDENTIFIER
- control field: CBULib
005 - DATE AND TIME OF LATEST TRANSACTION
- control field: 20240118134154.0
008 - FIXED-LENGTH DATA ELEMENTS
- fixed length control field: 240118|| aca||babn | a|a d
040 ## - CATALOGING SOURCE
- Original cataloging agency: CBULib
150 ## - HEADING--TOPICAL TERM
- Topical term or geographic name entry element: NON-GOVERNMENTAL ORGANISATIONS - ZAMBIA